[Event "DRUGA LIGA SRBIJE-GRUPA VOJVODINA-2019."]
[Site "Kovacica"]
[Date "2019.11.07"]
[Round "10.6"]
[White "Babic, Damir M"]
[Black "Mladenovic, Dusan"]
[Result "1/2-1/2"]
[WhiteElo "2103"]
[BlackElo "2070"]
[PlyCount "37"]
[EventDate "2019.11.01"]
[WhiteTeam "SK Polet Rastina"]
[BlackTeam "SK Mladenovo Mladenovo"]

1. d4 Nf6 2. c4 c5 3. e3 e6 4. Nf3 Qc7 5. Nc3 a6 6. Bd3 d6 7. O-O Be7 8. Qc2
Nbd7 9. b3 O-O 10. Bb2 b6 11. Ne4 h6 12. Rae1 Bb7 13. Nxf6+ Bxf6 14. Nd2 Rac8
15. Qd1 Rfd8 16. Qg4 Nf8 17. Bb1 b5 18. f4 Qa5 19. Re2 1/2-1/2

[Event "DRUGA LIGA SRBIJE-GRUPA VOJVODINA-2019."]
[Site "Kovacica"]
[Date "2019.11.07"]
[Round "10.6"]
[White "Volarov, Damir"]
[Black "Ivancevic, Bozidar"]
[Result "1/2-1/2"]
[WhiteElo "2076"]
[BlackElo "2091"]
[PlyCount "31"]
[EventDate "2019.11.01"]
[WhiteTeam "SK Mladenovo Mladenovo"]
[BlackTeam "SK Polet Rastina"]

1. Nf3 g6 2. g3 Bg7 3. d4 Nf6 4. Bg2 O-O 5. O-O d6 6. c4 Nbd7 7. Nc3 c6 8. Re1
Qa5 9. e4 e5 10. d5 c5 11. Bg5 a6 12. Bf1 h6 13. Bd2 Qd8 14. Rb1 Ne8 15. Nh4
Kh7 16. Bd3 1/2-1/2